Syntéza varioxiránu a jeho analógov diplomová práca

Salvato in:
Dettagli Bibliografici
Autore principale: Matyašovský, Ján
Natura: Libro
Lingua:slovacco
Pubblicazione: Bratislava STU FCHPT 25 cm
Accesso online:Visualizza in OPAC
Tags: Aggiungi Tag
Nessun Tag, puoi essere il primo ad aggiungerne!!

MARC

LEADER 00000nam a2200000 a 4500
005 20260127134119.0
008 160125 2015 000 0 slo d
035 |a vtls011468568 
039 9 |y 201601251231  |z mschk03 
040 |a STUSCHK1  |b slo  |c STUSCHK1  |e AACR2 
100 1 |a Matyašovský, Ján 
245 1 |a Syntéza varioxiránu a jeho analógov  |b diplomová práca  |c Ján Matyašovský 
260 |a Bratislava  |b STU FCHPT  |c 25 cm 
300 |a 66 s.  |b il. c 25 cm 
500 |a Študijný program: technická chémia 
500 |a Študijný odbor: chémia, chemické technológie 
500 |a Školiace pracovisko: Odd. organickej chémie 
500 |a Evid. číslo: FCHPT-5459-43531 
910 |a SCHK95 
999 |c 4397  |d 4397